000 00591nam a2200169 a 4500
001 000048139
005 20201002060938.0
008 181121s2000 dr a 000 0 spa d
040 _aDO-SdBNP
_bspa
_cBNPHU
082 _axxx
_bM778e
100 1 _aMontero, Gregorio
_964275
245 1 0 _aÉtica, administración pública y modernización /
_cGregorio Montero.
260 _aSanto Domingo :
_bCORENAP,48150,
_c2000.
300 _a39p. :
_bil., ;
_c21cm.
590 _aInventariado, 2018/MFF
710 1 _aRepública Dominicana.
_bComisión Revisora de las Normas de Administración Pública
_975614
999 _c47627
_d47627